Psevdodifferenciaľnyje operatory

Enregistré dans:
Détails bibliographiques
Auteur principal: Taylor, Michael E. (Auteur)
Format: Livre
Langue:russe
Publié: Moskva : Mir, 1985
Édition:Per. s angl.
Sujets:
Tags: Ajouter un tag
Pas de tags, Soyez le premier à ajouter un tag!

MARC

LEADER 00000nam a22000003a 4500
001 stu86147
005 20150617225633.5
008 040423s1985------------------------rus-d
040 |a STU  |b slo 
041 0 |a rus 
080 |a 517.98 
100 1 |a Taylor, Michael E.  |4 aut 
245 1 |a Psevdodifferenciaľnyje operatory 
250 |a Per. s angl. 
260 |a Moskva :  |b Mir,  |c 1985 
300 |a 468 s 
650 7 |a funkcionálna analýza  |2 stusub 
996 |b E57950  |c E*57950  |l EE03  |s P  |a 0  |w stu86147_0001 
996 |b E58678  |c E*58678  |l EE03  |s P  |a 0  |w stu86147_0002